| 000 | 00626nam a2200181 a 4500 | ||
|---|---|---|---|
| 008 | 120416s1990 ||||||||||||||||| || u | ||
| 020 | _a055335311X | ||
| 050 | _aHB 3730 Mor | ||
| 100 | _aMorris, Charles R | ||
| 245 | 1 | 4 | _aThe coming global boom |
| 246 | _ahow to benefit now from tomorrow's dynamic world economy | ||
| 260 |
_aNew York _bBantam Books _c1990 |
||
| 300 | _axx, 267p. : ill. | ||
| 350 | _a0.00 | ||
| 650 | _aECONOMIC BOOM | ||
| 650 | 0 | _aECONOMICS | |
| 995 |
_D0.00 _FCBU-MAIN LIBRARY (Kitwe) _H1 _I12.95 _M1 _UAVAILABLE _ZAnnex Low-Usage Collection |
||
| 999 |
_c37773 _d37773 |
||